000 00271nam a2200109Ia 4500
001 1264718
005 20260417141948.0
008 260417s9999 xx 000 0 und d
020 _a9786051853550
245 0 _aKedi ve Ölüm
_cErhan Bener
260 _bEverest Yayınları
999 _c1264718
_d1264718